MARC details
| 000 -LEADER |
| fixed length control field |
01535cab a2200373 4500 |
| 001 - CONTROL NUMBER |
| control field |
L130582 |
| 008 - FIXED-LENGTH DATA ELEMENTS--GENERAL INFORMATION |
| fixed length control field |
050815n2005 000 0 eng u |
| 035 ## - SYSTEM CONTROL NUMBER |
| System control number |
(Sirsi) u130582 |
| 041 ## - LANGUAGE CODE |
| Language code of text/sound track or separate title |
eng |
| 100 ## - MAIN ENTRY--PERSONAL NAME |
| Personal name |
Joss, Norman |
| 245 ## - TITLE STATEMENT |
| Title |
Landlord and tenant update |
| 260 ## - PUBLICATION, DISTRIBUTION, ETC. |
| Date of publication, distribution, etc. |
2005 |
| 490 ## - SERIES STATEMENT |
| Series statement |
Solicitors' Journal |
| Volume/sequential designation |
149(31) 5 August 2005, 948-950(3) |
| 520 ## - SUMMARY, ETC. |
| Summary, etc. |
Provides an update on recent case law on business tenancies, leasehold enfranchisement and commonhold, assignment, the construction of user clauses and rent review. |
| 590 ## - LOCAL NOTE (RLIN) |
| Local note |
IKA1600805 |
| 650 ## - SUBJECT ADDED ENTRY--TOPICAL TERM |
| Topical term or geographic name entry element |
WESSEX RESERVE FORCES AND CADETS ASSOCIATION V WHITE AND ANOTHER |
| 650 ## - SUBJECT ADDED ENTRY--TOPICAL TERM |
| Topical term or geographic name entry element |
NINE CORNWALL CRESCENT LONDON LTD V KENSINGTON AND CHELSEA LBC |
| 650 ## - SUBJECT ADDED ENTRY--TOPICAL TERM |
| Topical term or geographic name entry element |
MAURICE AND OTHERS V HOLLOW-WARE PRODUCTS LTD |
| 650 ## - SUBJECT ADDED ENTRY--TOPICAL TERM |
| Topical term or geographic name entry element |
HAREFORD LTD V BARNET LBC |
| 650 ## - SUBJECT ADDED ENTRY--TOPICAL TERM |
| Topical term or geographic name entry element |
NCR LTD V RIVERLAND PORTFOLIO NO 1 LTD |
| 650 ## - SUBJECT ADDED ENTRY--TOPICAL TERM |
| Topical term or geographic name entry element |
JOINT LONDON HOLDINGS LTD V MOUNT COOK LAND LTD |
| 650 ## - SUBJECT ADDED ENTRY--TOPICAL TERM |
| Topical term or geographic name entry element |
HEMINGWAY REALITY LTD V MASTER WARDENS AND COMMONALTY OF FREEMEN AOF THE ART OR MYSTERY OF THE CITY OF LONDON |
| 650 ## - SUBJECT ADDED ENTRY--TOPICAL TERM |
| Topical term or geographic name entry element |
SAVVA AND OTHERS V GALWAY-COOPER |
| 650 ## - SUBJECT ADDED ENTRY--TOPICAL TERM |
| Topical term or geographic name entry element |
AMRIT HOLDINGS CO LTD V SHAHBAKTI |
| 650 ## - SUBJECT ADDED ENTRY--TOPICAL TERM |
| Topical term or geographic name entry element |
NEWHAM LBC V HAWKINS AND OTHERS |
| 650 ## - SUBJECT ADDED ENTRY--TOPICAL TERM |
| Topical term or geographic name entry element |
LANDLORD AND TENANT ACT 1954 |
| 650 ## - SUBJECT ADDED ENTRY--TOPICAL TERM |
| Topical term or geographic name entry element |
LEASEHOLD REFORM, HOUSING AND URBAN DEVELOPMENT ACT 1993 |
| 650 ## - SUBJECT ADDED ENTRY--TOPICAL TERM |
| Topical term or geographic name entry element |
LANDLORD AND TENANT ACT 1988 |
| 650 ## - SUBJECT ADDED ENTRY--TOPICAL TERM |
| Topical term or geographic name entry element |
LANDLORD AND TENANT ACT 1987 |
| 650 ## - SUBJECT ADDED ENTRY--TOPICAL TERM |
| Topical term or geographic name entry element |
RENT ACT 1977 |
| 690 ## - LOCAL SUBJECT ADDED ENTRY--TOPICAL TERM (OCLC, RLIN) |
| Topical term or geographic name as entry element |
Landlord and tenant |
| 9 (RLIN) |
6252 |
| 700 ## - ADDED ENTRY--PERSONAL NAME |
| Personal name |
Grundy, Nick |
| 942 ## - ADDED ENTRY ELEMENTS (KOHA) |
| Suppress in OPAC |
0 |